LEADER 04050nam 22006015 450 001 9910479952103321 005 20210721214708.0 010 $a0-8147-6530-0 024 7 $a10.18574/9780814765302 035 $a(CKB)2550000000047438 035 $a(EBL)865788 035 $a(OCoLC)751980642 035 $a(SSID)ssj0000606668 035 $a(PQKBManifestationID)11973795 035 $a(PQKBTitleCode)TC0000606668 035 $a(PQKBWorkID)10581783 035 $a(PQKB)10167534 035 $a(MiAaPQ)EBC865788 035 $a(MdBmJHUP)muse4893 035 $a(DE-B1597)546837 035 $a(DE-B1597)9780814765302 035 $a(EXLCZ)992550000000047438 100 $a20200608h20112011 fg 0 101 0 $aeng 135 $aurnn#---|un|u 181 $ctxt 182 $cc 183 $acr 200 10$aSex Fiends, Perverts, and Pedophiles $eUnderstanding Sex Crime Policy in America /$fChrysanthi S. Leon 210 1$aNew York, NY :$cNew York University Press,$d[2011] 210 4$dİ2011 215 $a1 online resource (264 p.) 300 $aDescription based upon print version of record. 311 0 $a0-8147-5326-4 311 0 $a0-8147-5258-6 320 $aIncludes bibliographical references and index. 327 $tFront matter --$tContents --$tAcknowledgments --$tIntroduction --$t1 Punishment Stories --$t2 The Sexual Psychopath Era --$t3 The Era of Rehabilitative Debate --$t4 Sex Offender Rehabilitation in California and How It Worked --$t5 Sex Offender Policy in the Containment Era --$t6 Experts and Governance --$t7 Chilling Effects --$t8 National Sex Offender Punishment Trends since 1920 --$t9 Conclusion --$tAppendix A --$tAppendix B Timeline --$tNotes --$tBibliography --$tIndex --$tAbout the Author 330 $aFrom Megan?s Law to Jessica?s Law, almost every state in the nation has passed some law to punish sex offenders. This popular tough-on-crime legislation is often written after highly-publicized cases have made the gruesome rounds through the media, and usually features harsh sentences, lifetime GPS monitoring, a dramatic expansion of the civil commitment procedures, and severe restrictions on where released sex offenders may live. In Sex Fiends, Perverts, and Pedophiles, Chrysanthi Leon argues that, while the singular notion of the sexual boogeyman has been used to justify these harsh policies, not all sex offenders are the same and such ?one size fits all? policies can unfairly punish other offenders of lesser crimes, needlessly targeting, sometimes ostracizing, citizens from their own communities. While many recognize that prison is not the right tool for every crime problem, Leon compellingly argues that the U.S. maintains a one-size-fits-all approach to sexual offending which is undermining public safety. Leon explains how we?ve reached this point?with a large incarcerated sex offender population, many of whom will be released in the coming years with multiple barriers to their success in the community, and without much expertise to guide them or to guide those who are charged to help them. Leon argues that we cannot blame the public, nor even the politicians, except indirectly. Instead, we might blame the institutions we charge with making placement decisions and with the experts?both those who have chosen to work in the field and those who have caused its marginalization. Ultimately, Leon shows that when policies intended for the worst offenders take over, all of us suffer. 606 $aChild molesters$zUnited States 606 $aSex offenders$zUnited States 606 $aSex crimes$zUnited States 608 $aElectronic books. 615 0$aChild molesters 615 0$aSex offenders 615 0$aSex crimes 676 $a364.15/30973 700 $aLeon$b Chrysanthi S.$4aut$4http://id.loc.gov/vocabulary/relators/aut$01046348 801 0$bDE-B1597 801 1$bDE-B1597 906 $aBOOK 912 $a9910479952103321 996 $aSex Fiends, Perverts, and Pedophiles$92473185 997 $aUNINA LEADER 05446oam 2200721I 450 001 9910785742203321 005 20230801224406.0 010 $a1-136-00137-9 010 $a1-283-60624-0 010 $a9786613918697 010 $a1-136-00138-7 010 $a0-12-385197-1 024 7 $a10.4324/9780123851970 035 $a(CKB)2670000000242208 035 $a(EBL)1024497 035 $a(OCoLC)811505686 035 $a(SSID)ssj0000711869 035 $a(PQKBManifestationID)11433523 035 $a(PQKBTitleCode)TC0000711869 035 $a(PQKBWorkID)10722071 035 $a(PQKB)11189971 035 $a(OCoLC)810924665 035 $a(MiAaPQ)EBC1024497 035 $a(Au-PeEL)EBL1024497 035 $a(CaPaEBR)ebr10603411 035 $a(CaONFJC)MIL391869 035 $a(OCoLC)900233878 035 $a(FINmELB)ELB133041 035 $a(EXLCZ)992670000000242208 100 $a20180706d2012 uy 0 101 0 $aeng 135 $aur|n|---||||| 181 $ctxt 182 $cc 183 $acr 200 00$aSustainable hospitality and tourism as motors for development $ecase studies from developing regions of the world /$fedited by Philip Sloan, Claudia Simons-Kaufman and Willy Legrand 210 1$aNew York :$cRoutledge,$d2012. 215 $a1 online resource (497 p.) 300 $aDescription based upon print version of record. 311 $a1-138-08150-7 311 $a0-12-385196-3 320 $aIncludes bibliographical references and index. 327 $aCover; Title; Copyright; Contents; List of figures and tables; Contributors; Foreword; Editors' preface; Editors' biography; An overview of the book; How to use this book; 1 Introduction: scarcity of natural resources or 'Cockaigne'?; Part 1: What do we mean by development?; Part 2: Sustainability in tourism and hospitality; 2 The case of Inkaterra: pioneering ecotourism in Peru; 3 Integrated circuits as a tool for the development of sustainable tourism in the Amazon; 4 Bringing sustainability to the Brazilian hotel industry 327 $a5 Preferences regarding restoration and development at Copan Archeological Park, Honduras: linkages between setting, visitor experiences and sustainability6 Mamiraua?: community based ecotourism in a sustainable development reserve in the Amazon Basin; 7 Ecuador: Huaorani Ecolodge; 8 Tourism in the Peruvian Amazon: experiences of a private-communal partnership; 9 Key issues and challenges to the development of community-based ecotourism in Guatemala; 10 Tourism cluster among livestock: the case of Bonito (MS), Brazil; 11 Diversified nature tourism on St. Vincent 327 $a12 Can ecotourism support coral reef conservation? Experiences of Chumbe Island Coral Park Ltd in Zanzibar/Tanzania13 Blossoms & Butterflies, Waterfalls & Dragonflies: integrating insects in the hospitality and tourism industries through Swarm supposition; 14 Sustainable tourism development in the Masai Mara National Reserve Kenya: stakeholder perspectives; 15 Ecotourism in vulnerable regions: opportunities and obstacles to development - the case of Cantanhez, Guine?-Bissau; 16 Minimission-Tourism in Ethiopia: a new subspecies of sustainable volunteer tourism?; 17 Botswana: The Selinda Reserve 327 $a18 Sustainable development of a remote tourist destination: the case of Soomaa National Park, Estonia19 Challenges in rural ethnic tourism development: a case study from Yunnan, China; 20 Hotel Management education in Bhutan: teaching sustainable principles; 21 Investigating potential benefits of proposed eco-retrofits to an existing tourist lodge in The Sundarbans, India; 22 Urban green parks: sustainable tourism, biodiversity and quality of life: a case study; 23 Philippine sustainable tourism initiatives: issues and challenges 327 $a24 Turtle night watch nature tourism: sharing benefits to sustain local community and Sea Turtles in Rekawa sanctuary, Sri Lanka25 Six Senses Hideaway, Ninh Van Bay, Vietnam: where luxury meets sustainable tourism; 26 Tourist destinations with planned interventions: the success of Kumily in Kerala, India; 27 The development and promotion of guidelines for organic farms for sustainable tourism; Glossary; Index 330 $aIt is now widely agreed that the climate is changing, global resources are diminishing and biodiversity is suffering. Developing countries - many of them considered by the World Tourism Organization to be 'Top Emerging Tourism Destinations' (UNWTO, 2009) - are already suffering the full frontal effect of environmental degradation. The challenge for developing countries is a triple-edged sword, how can economic prosperity be achieved without the perpetual depletion of nature's reserves, the destruction of rural habitat and the dislocation of traditional societies? Many emerging nations are l 606 $aSustainable tourism$zDeveloping countries$vCase studies 606 $aHospitality industry$zDeveloping countries$vCase studies 615 0$aSustainable tourism 615 0$aHospitality industry 676 $a338.4/791091724 701 $aLegrand$b Willy$0987072 701 $aSimons-Kaufman$b Claudia$01512230 701 $aSloan$b Philip$01179702 801 0$bMiAaPQ 801 1$bMiAaPQ 801 2$bMiAaPQ 906 $aBOOK 912 $a9910785742203321 996 $aSustainable hospitality and tourism as motors for development$93746028 997 $aUNINA